موسوعة الفهرسة الوصفية للمكتبات ومراكز المعلومات / (رقم التسجيلة. 80649)

تفاصيل مارك
000 -الفاتح
عناصر البيانات ثابتة الطول 00864cam a2200205 i 4500
005 - تاريخ ووقت آخر معاملة
حقل ضبط 20251108172504.0
008 - عناصر البيانات ثابتة الطول
عناصر البيانات ثابتة الطول 250721s1998 ua gr 000 0 ara d
082 14 - رقم تصنيف ديوي العشري
رقم التصنيف 025.3203
رقم المادة خ ل ى
100 1# - مدخل رئيسي – اسم شخصي
الاسم الشخصي خليفة، شعبان عبدالعزيز
علاقة الشخص بالعمل/ دوره مؤلف.
245 10 - بيان العنوان
العنوان موسوعة الفهرسة الوصفية للمكتبات ومراكز المعلومات /
بيان المسؤولية تأليف د. شعبان عبد العزيز خليفة، محمد عوض العايدي.
250 ## - بيان الطبعة
بيان الطبعة الطبعة الأولى.
264 1# - بيانات النشر، التوزيع…إلخ
مكان النشر، التوزيع...إلخ القاهرة :
اسم الناشر، الموزع...إلخ مركز الكتاب للنشر،
تاريخ النشر، التوزيع...إلخ 1998.
300 ## - الوصف المادي
عدد الوحدات المكونة للوعاء الجزء الأول.
650 17 - مدخل إضافي بالموضوع - مصطلح موضوعي
مصطلح موضوعي أو اسم جغرافي كعنصر مدخل علم المكتبات.
650 17 - مدخل إضافي بالموضوع - مصطلح موضوعي
مصطلح موضوعي أو اسم جغرافي كعنصر مدخل الفهرسة الوصفية.
650 17 - مدخل إضافي بالموضوع - مصطلح موضوعي
مصطلح موضوعي أو اسم جغرافي كعنصر مدخل الموسوعات.
700 1# - مدخل إضافي - اسم شخصي
الاسم الشخصي عابدي، محمد عوض
علاقة الشخص بالعمل/ دوره مؤلف مشارك.
942 ## - بيانات إضافية (كوها)
نوع التنصيف Dewey Decimal Classification
نوع المادة (كوها) كتب
المقتنيات
حالة السحب حالة الفقدان مصدر التصنيف حالة التلف غير قابل للإعارة المكتبة الرئيسية المكتبة الحالية موقع الرف تاريخ التزويد الرقم المتسلسل Total Checkouts رقم الإستدعاء الباركود تاريخ آخر ظهور تاريخ الفاتورة نوع المادة (كوها)
    Dewey Decimal Classification     المكتبة المركزية المكتبة المركزية الإعارة 28/07/2025 325376   025.3203 / خ ل ي 325376 28/07/2025 28/07/2025 كتب
    Dewey Decimal Classification     المكتبة المركزية المكتبة المركزية الإعارة 28/07/2025 325379   م/025.3203/خلي 325379 28/07/2025 28/07/2025 كتب
Implemented & Customized by: BBB with SCIT (Smart Chains for Information Technology)

Powered by Koha